[Event "TCh-FRA Top 12 2018"]
[Site "Brest FRA"]
[Date "2018.05.31"]
[Round "6.5"]
[Board "1"]
[White "Tregubov, Pavel V."]
[Black "Solodovnichenko, Yuri"]
[Result "1-0"]
[WhiteTitle "GM"]
[BlackTitle "GM"]
[WhiteElo "2578"]
[BlackElo "2531"]
[WhiteTeam "CLICHY Echecs 92"]
[BlackTeam "VANDOEUVRE-Echecs"]
[WhiteFideId "4115341"]
[BlackFideId "14104369"]
[EventDate "2018.05.26"]

1. d4 d5 2. c4 dxc4 3. Nf3 Nf6 4. e3 e6 5. Bxc4 c5 6. O-O a6 7. Bb3 Be7 8. dxc5
O-O 9. Qe2 Nc6 10. e4 Qc7 11. h3 Nd7 12. Nc3 Nxc5 13. Bc2 b5 14. Be3 Nb4 15.
Rac1 Nxc2 16. Rxc2 Qb7 17. e5 Ne4 18. Rfc1 Bd7 19. Nxe4 Qxe4 20. Rc7 Rad8 21.
Rd1 Bc6 22. Rxe7 Qb4 23. Rc7 Rxd1+ 24. Qxd1 Bxf3 25. Qxf3 Qxb2 26. Qf4 1-0

[Event "TCh-FRA Top 12 2018"]
[Site "Brest FRA"]
[Date "2018.05.31"]
[Round "6.5"]
[Board "2"]
[White "Bailet, Pierre"]
[Black "Hamdouchi, Hicham"]
[Result "1/2-1/2"]
[WhiteTitle "IM"]
[BlackTitle "GM"]
[WhiteElo "2501"]
[BlackElo "2580"]
[WhiteTeam "VANDOEUVRE-Echecs"]
[BlackTeam "CLICHY Echecs 92"]
[WhiteFideId "655830"]
[BlackFideId "9000011"]
[EventDate "2018.05.26"]

1. e4 c5 2. Nf3 Nc6 3. Bb5 g6 4. Bxc6 bxc6 5. O-O Bg7 6. Re1 Nh6 7. c3 O-O 8. h3
d6 9. d4 cxd4 10. cxd4 f6 11. b3 Nf7 12. Bb2 Bd7 13. Nbd2 Rc8 14. Rc1 Re8 15. e5
Be6 16. Ne4 Bd5 17. exf6 exf6 18. Nc3 Bxf3 19. Rxe8+ Qxe8 20. Qxf3 f5 21. Qd3
Qd7 1/2-1/2

[Event "TCh-FRA Top 12 2018"]
[Site "Brest FRA"]
[Date "2018.05.31"]
[Round "6.5"]
[Board "3"]
[White "Van Wely, Loek"]
[Black "Cossin, Sebastien"]
[Result "1/2-1/2"]
[WhiteTitle "GM"]
[BlackTitle "IM"]
[WhiteElo "2667"]
[BlackElo "2498"]
[WhiteTeam "CLICHY Echecs 92"]
[BlackTeam "VANDOEUVRE-Echecs"]
[WhiteFideId "1000268"]
[BlackFideId "618802"]
[EventDate "2018.05.26"]

1. d4 Nf6 2. c4 g6 3. Nc3 Bg7 4. e4 d6 5. Nf3 O-O 6. Be2 e5 7. Be3 exd4 8. Nxd4
Re8 9. f3 c6 10. Bf2 d5 11. exd5 cxd5 12. O-O Nc6 13. c5 a6 14. Qd2 Qa5 15. Rfd1
Qxc5 16. Ne6 Qa5 17. Nxg7 Kxg7 18. Bf1 Be6 19. a3 d4 20. Ne2 Bb3 21. Qxa5 Nxa5
22. Rxd4 Bc4 23. Re1 Rac8 24. b4 Nb3 25. Rdd1 Nd5 26. Ng3 Rxe1 27. Bxe1 Bxf1 28.
Rxd5 Bb5 29. Ne4 Rc1 30. Kf2 Rc2+ 31. Kg3 f5 32. Nc5 Bc6 33. Rd6 Nxc5 34. bxc5
Rxc5 35. Bb4 Rc2 36. Rd2 Rc4 37. Rd4 Rxd4 38. Bc3 Kf7 39. Bxd4 g5 40. h4 h6 41.
hxg5 hxg5 42. Bb6 Ke7 43. Kf2 Kd6 44. g4 Ke5 45. gxf5 Kxf5 1/2-1/2

[Event "TCh-FRA Top 12 2018"]
[Site "Brest FRA"]
[Date "2018.05.31"]
[Round "6.5"]
[Board "4"]
[White "Hamitevici, Vladimir"]
[Black "Kosteniuk, Alexandra"]
[Result "0-1"]
[WhiteTitle "GM"]
[BlackTitle "GM"]
[WhiteElo "2508"]
[BlackElo "2555"]
[WhiteTeam "VANDOEUVRE-Echecs"]
[BlackTeam "CLICHY Echecs 92"]
[WhiteFideId "13902393"]
[BlackFideId "4128125"]
[EventDate "2018.05.26"]

1. e4 e5 2. Nf3 Nc6 3. c3 d5 4. Qa4 Nf6 5. Nxe5 Bd6 6. Nxc6 bxc6 7. d3 O-O 8.
Nd2 Re8 9. Be2 Bg4 10. f3 Bc8 11. Qd4 Qe7 12. Qf2 Ba6 13. Kd1 Rad8 14. Kc2 Bf4
15. d4 Bxe2 16. Qxe2 Bxd2 17. Bxd2 dxe4 18. Bg5 c5 19. Rad1 cxd4 20. cxd4 h6 21.
Bc1 Qb4 22. Kb1 Rxd4 23. Rxd4 Qxd4 24. Rd1 Qb6 25. fxe4 Nxe4 26. Qc4 Nd6 27. Qd4
Re2 28. Qg4 Qf2 29. g3 Re4 30. Qh5 Rc4 31. Rd2 Qf6 32. Qe2 Qf5+ 33. Qd3 Ne4 34.
Rc2 Rxc2 35. Qxc2 c5 36. Ka1 Nxg3 37. Qa4 Qf1 38. Qf4 g5 0-1

[Event "TCh-FRA Top 12 2018"]
[Site "Brest FRA"]
[Date "2018.05.31"]
[Round "6.5"]
[Board "5"]
[White "Van Foreest, Jorden"]
[Black "Savina, Anastasia"]
[Result "1-0"]
[WhiteTitle "GM"]
[BlackTitle "IM"]
[WhiteElo "2638"]
[BlackElo "2349"]
[WhiteTeam "CLICHY Echecs 92"]
[BlackTeam "VANDOEUVRE-Echecs"]
[WhiteFideId "1039784"]
[BlackFideId "4196872"]
[EventDate "2018.05.26"]

1. e4 c5 2. Nf3 Nc6 3. d4 cxd4 4. Nxd4 Nf6 5. Nc3 e6 6. Ndb5 Bb4 7. a3 Bxc3+ 8.
Nxc3 d5 9. exd5 exd5 10. Bd3 O-O 11. O-O d4 12. Ne2 Bg4 13. Re1 Qb6 14. Bg5 Ne5
15. Bxf6 Qxf6 16. Be4 Rad8 17. Qd2 b6 18. Qf4 Qxf4 19. Nxf4 Nc4 20. h3 Bd7 21.
Rad1 Nxb2 22. Rxd4 Na4 23. Bf3 Bb5 24. Rb4 Rfe8 25. Reb1 a6 26. c4 Bd7 27. Nd5
a5 28. R4b3 Rc8 29. Nxb6 Nxb6 30. Rxb6 Rxc4 31. Ra6 a4 32. Rb7 Be6 33. Rba7 Rc1+
34. Kh2 Bb3 35. Bc6 Rc8 36. Bxa4 Bxa4 37. Rxa4 g6 38. Re4 R1c2 39. Kg3 R8c3+ 40.
f3 Rc5 41. h4 Rf5 42. a4 Ra2 43. Rb7 Kg7 44. Rd4 h5 45. Re4 Kf6 46. Rd4 Kg7 47.
Rc4 Kh6 48. Kh3 Kg7 49. Rd7 Kg8 50. Rd8+ Kg7 51. Rdd4 Ra5 52. Rf4 Ra7 53. g4
hxg4+ 54. Rxg4 Kh6 55. Rgf4 Kg7 56. Kg3 Rb7 57. Rfd4 Ra3 58. Rg4 Rbb3 59. Rcf4
Rb2 60. h5 Raa2 61. hxg6 Rg2+ 62. Kh4 Rh2+ 63. Kg5 fxg6 64. Rh4 Rhg2+ 65. Rhg4
Rh2 66. Rb4 Rh5+ 67. Kf4 Ra3 68. Kg3 Rh1 69. Rh4 Rxh4 70. Rxh4 Kf6 71. Rb4 Kg7
72. Kf4 Kh6 73. Kg4 Ra1 74. Rc4 Ra3 75. Kf4 Ra1 76. Ke5 Ra3 77. f4 Ra1 78. Kd6
Kh5 79. Kc6 Kg4 80. Kb5 Rb1+ 81. Rb4 1-0

[Event "TCh-FRA Top 12 2018"]
[Site "Brest FRA"]
[Date "2018.05.31"]
[Round "6.5"]
[Board "6"]
[White "Philippe, Christophe"]
[Black "Delorme, Axel"]
[Result "1/2-1/2"]
[WhiteTitle "IM"]
[BlackTitle "GM"]
[WhiteElo "2377"]
[BlackElo "2527"]
[WhiteTeam "VANDOEUVRE-Echecs"]
[BlackTeam "CLICHY Echecs 92"]
[WhiteFideId "610038"]
[BlackFideId "632023"]
[EventDate "2018.05.26"]

1. e4 e5 2. Nf3 Nc6 3. g3 g6 4. Bg2 Bg7 5. O-O Nge7 6. Nc3 O-O 7. Re1 d6 8. d3
f5 9. exf5 Bxf5 10. h3 Qd7 11. g4 Be6 12. Ng5 h6 13. Nxe6 Qxe6 14. Be3 Qf6 15.
g5 hxg5 16. Qg4 Qf5 17. Nd5 Nxd5 18. Bxd5+ Kh7 19. Kg2 Nd4 20. Be4 Qxg4+ 21.
hxg4 Bf6 22. Bxd4 exd4 23. Bxb7 Rab8 24. Bd5 Be5 25. Rh1+ Kg7 26. Rh3 Rh8 27.
Rah1 Rxh3 28. Kxh3 c6 29. Bxc6 Rxb2 30. Bd5 Rxc2 31. Kg2 Rc5 32. Bb3 Rc3 33. Rd1
Bf4 34. Kf3 Kf6 35. Ke4 Rc1 36. Rxc1 Bxc1 1/2-1/2

[Event "TCh-FRA Top 12 2018"]
[Site "Brest FRA"]
[Date "2018.05.31"]
[Round "6.5"]
[Board "7"]
[White "Barbot, Pierre1"]
[Black "Iglesias, Joachim"]
[Result "1/2-1/2"]
[WhiteTitle "IM"]
[WhiteElo "2421"]
[BlackElo "2249"]
[WhiteTeam "CLICHY Echecs 92"]
[BlackTeam "VANDOEUVRE-Echecs"]
[WhiteFideId "663727"]
[BlackFideId "637823"]
[EventDate "2018.05.26"]

1. d4 d6 2. Nf3 g6 3. c4 Bg7 4. Nc3 c5 5. e4 Bg4 6. d5 Bxc3+ 7. bxc3 Qa5 8. h3
Bxf3 9. Qxf3 Nd7 10. Be2 Ngf6 11. O-O h6 12. Qe3 g5 13. g3 O-O-O 14. f4 Qc7 15.
Bd2 Rdg8 16. Kh2 Rg6 17. Bd3 Rhg8 18. Qe2 gxf4 19. gxf4 Ng4+ 20. hxg4 Rxg4 21.
Rf3 e5 22. dxe6 fxe6 23. Rh3 Ne5 24. fxe5 Qg7 25. Qe3 Rg2+ 26. Kh1 Qg4 27. Rxh6
Rxd2 28. Qxd2 1/2-1/2

[Event "TCh-FRA Top 12 2018"]
[Site "Brest FRA"]
[Date "2018.05.31"]
[Round "6.5"]
[Board "8"]
[White "Steil-Antoni, Fiona"]
[Black "Guichard, Pauline"]
[Result "0-1"]
[WhiteTitle "WIM"]
[BlackTitle "WGM"]
[WhiteElo "2200"]
[BlackElo "2303"]
[WhiteTeam "VANDOEUVRE-Echecs"]
[BlackTeam "CLICHY Echecs 92"]
[WhiteFideId "4001249"]
[BlackFideId "639370"]
[EventDate "2018.05.26"]

1. e4 d6 2. d4 Nf6 3. Nc3 e5 4. Nf3 Nbd7 5. Bc4 Be7 6. O-O O-O 7. Re1 a6 8. a4
b6 9. Bg5 Bb7 10. Qd2 Ng4 11. Bxe7 Qxe7 12. Nd5 Qd8 13. h3 Ngf6 14. dxe5 Nxe5
15. Nxe5 dxe5 16. Rad1 Bxd5 17. Bxd5 Rb8 18. Qe2 Qc8 19. Rd3 Qe8 20. Bb3 b5 21.
axb5 axb5 22. g4 Qe7 23. g5 Ne8 24. h4 Nd6 25. Qg4 Kh8 26. Rf3 Rbd8 27. Kg2 Nc4
28. Bxc4 bxc4 29. Rc3 Rd4 30. Qe2 f6 31. Rxc4 Rxc4 32. Qxc4 fxg5 33. h5 h6 34.
Re3 Rf4 35. Qc6 Qf7 36. f3 g4 37. Qg6 gxf3+ 38. Kf2 Qe7 39. Rc3 Qh4+ 0-1

[Event "TCh-FRA Top 12 2018"]
[Site "Brest FRA"]
[Date "2018.05.31"]
[Round "6.6"]
[Board "3"]
[White "Zhigalko, Sergei"]
[Black "Edouard, Romain"]
[Result "1/2-1/2"]
[WhiteTitle "GM"]
[BlackTitle "GM"]
[WhiteElo "2606"]
[BlackElo "2621"]
[WhiteTeam "C.E. de BOIS COLOMBES"]
[BlackTeam "BISCHWILLER"]
[WhiteFideId "13502956"]
[BlackFideId "633429"]
[EventDate "2018.05.26"]

1. e4 c5 2. Nf3 g6 3. c3 Nc6 4. d4 d5 5. exd5 Qxd5 6. Be3 Bg7 7. dxc5 Qxd1+ 8.
Kxd1 Nf6 9. Bb5 O-O 10. Ke2 Nd5 11. Rd1 Rd8 12. Na3 Bg4 13. h3 Bxf3+ 14. Kxf3
Nxe3 15. Kxe3 Rdc8 16. Rd7 Na5 17. Rad1 Rxc5 18. Rxe7 Bf8 19. Re4 Rac8 20. Bf1
Rf5 21. Nc2 Bc5+ 22. Nd4 Nc6 23. Bc4 Nxd4 24. cxd4 Bd6 25. Bb3 Kf8 26. g3 Rb5
27. Rd3 Rb4 28. Rc3 Rd8 29. Kd3 a5 30. a3 Rb5 31. Kc2 Rf5 32. f4 h5 33. h4 Bb8
34. Bc4 Rf6 35. Rb3 Rc6 36. Kd3 b6 37. d5 Rcd6 38. Rc3 R6d7 39. Ba2 Re7 40. Rc6
Rb7 41. Re2 Bd6 42. Kd4 b5 43. Ra6 a4 44. Rc2 b4 45. Rcc6 bxa3 46. bxa3 Bxa3 47.
Rxa4 Rb4+ 48. Rxb4 Bxb4 49. f5 gxf5 50. Rf6 Bd6 51. Rxf5 Ra8 52. Bc4 Ra3 53. Be2
Rxg3 54. Bxh5 Rh3 55. Rxf7+ Kg8 56. Rf5 Rxh4+ 57. Ke3 Kg7 58. Be8 Rh3+ 59. Ke4
Rh4+ 60. Kf3 Rd4 61. Bd7 Kg6 62. Be6 Rd1 63. Ke2 Rd4 64. Rf7 Bf4 65. Kf3 Bg5 66.
Rb7 Kf6 67. Rf7+ Kg6 68. Rf5 Rd3+ 69. Ke4 Re3+ 70. Kd4 Rxe6 71. Rxg5+ Kxg5 72.
dxe6 Kf6 73. Kd5 Ke7 74. Ke5 Ke8 75. Kf6 Kf8 76. e7+ Ke8 77. Ke6 1/2-1/2

[Event "TCh-FRA Top 12 2018"]
[Site "Brest FRA"]
[Date "2018.05.31"]
[Round "6.6"]
[Board "4"]
[White "Ragger, Markus"]
[Black "Cornette, Matthieu"]
[Result "1/2-1/2"]
[WhiteTitle "GM"]
[BlackTitle "GM"]
[WhiteElo "2672"]
[BlackElo "2600"]
[WhiteTeam "BISCHWILLER"]
[BlackTeam "C.E. de BOIS COLOMBES"]
[WhiteFideId "1610856"]
[BlackFideId "620084"]
[EventDate "2018.05.26"]

1. d4 e6 2. Nf3 Nf6 3. c4 b6 4. g3 Bb4+ 5. Bd2 Bxd2+ 6. Qxd2 Ba6 7. Na3 O-O 8.
Bg2 Bb7 9. O-O d6 10. Rfd1 Nbd7 11. Rac1 Qe7 12. d5 e5 13. Nh4 g6 14. Rf1 Nh5
15. e4 a5 16. Nc2 Nc5 17. b3 Rae8 18. Qh6 Qf6 19. Bf3 Qg7 20. Qe3 Nf6 21. a3 a4
22. b4 Nb3 23. Rcd1 Bc8 1/2-1/2

[Event "TCh-FRA Top 12 2018"]
[Site "Brest FRA"]
[Date "2018.05.31"]
[Round "6.6"]
[Board "5"]
[White "Vernay, Clovis"]
[Black "Rodshtein, Maxim"]
[Result "1/2-1/2"]
[WhiteTitle "IM"]
[BlackTitle "GM"]
[WhiteElo "2513"]
[BlackElo "2678"]
[WhiteTeam "C.E. de BOIS COLOMBES"]
[BlackTeam "BISCHWILLER"]
[WhiteFideId "633046"]
[BlackFideId "2806851"]
[EventDate "2018.05.26"]

1. d4 Nf6 2. c4 e6 3. Nf3 d5 4. Nc3 c6 5. cxd5 exd5 6. Qc2 Be6 7. Bg5 Nbd7 8. e3
h6 9. Bh4 Bd6 10. Be2 O-O 11. O-O Re8 12. a3 a5 13. Rfe1 Qb8 14. Bd3 Bg4 15. Bg3
Bxg3 16. hxg3 Qd6 17. Nh4 Nf8 18. Be2 h5 19. Nf3 g6 20. Qb3 N8d7 21. a4 Kg7 22.
Ng5 Qb4 23. Qc2 Re7 24. Bd3 Rh8 25. f3 Be6 26. Qf2 Nh7 27. Nxe6+ Rxe6 28. e4
dxe4 29. d5 cxd5 30. Nxd5 Qc5 31. Bxe4 Ng5 32. Nc3 Rhe8 33. Rad1 R6e7 34. Rf1
Qxf2+ 35. Rxf2 Nb6 36. Bd5 Rd7 37. Bb3 Rxd1+ 38. Bxd1 Rd8 39. Re2 Ne6 40. Re5
Nc4 41. Rb5 Rd2 42. Be2 Nxb2 43. Bf1 Rc2 44. Rxb7 Rxc3 45. Rxb2 Ra3 46. Bb5 Nc5
47. Rc2 Nxa4 48. Rc7 Rc3 49. Ra7 Rc1+ 50. Kh2 Nb2 51. Be8 Nd3 52. g4 hxg4 53.
Rxf7+ Kh6 54. Rf6 gxf3 55. Rxg6+ Kh7 56. gxf3 Re1 57. Rd6 Rxe8 1/2-1/2

[Event "TCh-FRA Top 12 2018"]
[Site "Brest FRA"]
[Date "2018.05.31"]
[Round "6.6"]
[Board "6"]
[White "Naiditsch, Arkadij"]
[Black "Shoker, Samy"]
[Result "1-0"]
[WhiteTitle "GM"]
[BlackTitle "GM"]
[WhiteElo "2697"]
[BlackElo "2475"]
[WhiteTeam "BISCHWILLER"]
[BlackTeam "C.E. de BOIS COLOMBES"]
[WhiteFideId "4650891"]
[BlackFideId "627143"]
[EventDate "2018.05.26"]

1. e4 g6 2. d4 Bg7 3. Nc3 d6 4. Be3 a6 5. a4 b6 6. Qd2 Bb7 7. h4 Nf6 8. f3 Nc6
9. g4 h6 10. Nge2 e6 11. Bh3 Qe7 12. g5 hxg5 13. Bxg5 Qd7 14. O-O-O Na5 15. b3
d5 16. Nf4 Qd6 17. Rhe1 dxe4 18. Nxe4 Nxe4 19. fxe4 Qa3+ 20. Kb1 Nc6 21. Nd5
Bxd4 22. Nxc7+ Kf8 23. Nxe6+ fxe6 24. Qf4+ Ke8 25. Rxd4 Nxd4 26. Qe5 Rf8 27.
Qxd4 Rc8 28. Bxe6 1-0

[Event "TCh-FRA Top 12 2018"]
[Site "Brest FRA"]
[Date "2018.05.31"]
[Round "6.6"]
[Board "7"]
[White "Dionisi, Thomas"]
[Black "Le Roux, Jean-Pierre"]
[Result "1/2-1/2"]
[WhiteTitle "FM"]
[BlackTitle "GM"]
[WhiteElo "2399"]
[BlackElo "2557"]
[WhiteTeam "C.E. de BOIS COLOMBES"]
[BlackTeam "BISCHWILLER"]
[WhiteFideId "651893"]
[BlackFideId "609404"]
[EventDate "2018.05.26"]

1. e4 c6 2. d4 d5 3. Nc3 g6 4. Nf3 Bg7 5. h3 Nh6 6. Bf4 f6 7. exd5 cxd5 8. Nb5
Na6 9. c4 O-O 10. cxd5 Qxd5 11. Nc3 Qf7 12. Qa4 Rd8 13. Bc4 Be6 14. d5 Bd7 15.
Qb3 Nc5 16. Qb4 Rac8 17. O-O Nf5 18. Rad1 e5 19. dxe6 Bxe6 20. Bxe6 Nxe6 21. Bh2
Bf8 22. Qa4 a6 23. Rxd8 Rxd8 24. Rd1 Nc5 25. Qc2 Rxd1+ 26. Qxd1 b5 27. g4 Ng7
28. Nd5 Nge6 29. b3 Ne4 30. Qd3 N6c5 31. Qd4 Qe6 32. b4 Nd7 33. a3 Bg7 34. Nc7
Qc6 35. Qd5+ Qxd5 36. Nxd5 Bh6 37. Nc7 Nb6 38. Nxa6 Nc4 39. Nd4 Nxa3 40. Nc7 Bf8
41. Ncxb5 1/2-1/2

[Event "TCh-FRA Top 12 2018"]
[Site "Brest FRA"]
[Date "2018.05.31"]
[Round "6.6"]
[Board "8"]
[White "Maisuradze, Nino"]
[Black "Leconte, Maria"]
[Result "1/2-1/2"]
[WhiteTitle "WGM"]
[BlackTitle "WGM"]
[WhiteElo "2172"]
[BlackElo "2208"]
[WhiteTeam "BISCHWILLER"]
[BlackTeam "C.E. de BOIS COLOMBES"]
[WhiteFideId "13601717"]
[BlackFideId "618446"]
[EventDate "2018.05.26"]

1. d4 e6 2. c4 Nf6 3. Nf3 b6 4. a3 Bb7 5. Nc3 Ne4 6. Qc2 Nxc3 7. bxc3 d6 8. e4
Nd7 9. Bd3 Be7 10. O-O c5 11. Bf4 Qc7 12. Bg3 e5 13. a4 O-O 14. d5 g6 15. h3 Bc8
16. Nh2 Nf6 17. Be2 Nh5 18. Bxh5 gxh5 19. f4 h4 20. Be1 exf4 21. Rxf4 f5 22.
exf5 Bg5 23. Rf1 Qf7 24. f6 Qg6 25. Qxg6+ hxg6 26. Nf3 Bxf6 27. Nxh4 Kg7 28. a5
Ba6 29. Ra4 b5 30. Ra3 b4 31. cxb4 cxb4 32. Rxf6 Rxf6 33. Bxb4 Rf4 34. Nf3 Bxc4
35. Bxd6 Rf5 36. Be5+ Kf7 37. d6 Be6 38. h4 Ke8 39. Re3 Kd7 40. Nd4 Rf7 41. Rc3
Bd5 42. Rc5 Be4 43. Rc7+ Ke8 44. Rc3 Kd7 45. Rc7+ Ke8 46. Rc3 1/2-1/2

[Event "TCh-FRA Top 12 2018"]
[Site "Brest FRA"]
[Date "2018.06.01"]
[Round "7.1"]
[Board "1"]
[White "Lagarde, Maxime"]
[Black "Laznicka, Viktor"]
[Result "1-0"]
[WhiteTitle "GM"]
[BlackTitle "GM"]
[WhiteElo "2604"]
[BlackElo "2671"]
[WhiteTeam "NICE Alekhine"]
[BlackTeam "C.E. de BOIS COLOMBES"]
[WhiteFideId "662399"]
[BlackFideId "316385"]
[EventDate "2018.05.26"]

1. e4 c6 2. d4 d5 3. e5 Bf5 4. Nf3 e6 5. Be2 Nd7 6. O-O Bg6 7. Nbd2 Nh6 8. Nb3
Be7 9. c3 O-O 10. Bxh6 gxh6 11. Qd2 Kg7 12. Nc1 Qc7 13. Bd3 c5 14. Ne2 cxd4 15.
cxd4 Rfc8 16. Ne1 Qb6 17. f4 f5 18. Nc2 h5 19. Ne3 Qb4 20. Qd1 h4 21. Kh1 Rc7
22. Rb1 Rf8 23. Nc3 Qxd4 24. Nb5 Qxe3 25. Nxc7 Qb6 26. Rc1 Nc5 27. Nb5 Ne4 28.
Bxe4 fxe4 29. Rc7 Rf7 30. a4 e3 31. Qd4 Bf8 32. Rfc1 Rxc7 33. Rxc7+ Kh6 34. Kg1
Bb4 35. Kf1 Bh5 36. Rc2 Ba5 37. Re2 a6 38. f5 Kg5 39. g3 Bxe2+ 40. Kxe2 hxg3 41.
h4+ Kh5 42. Qf4 h6 43. Kf3 1-0

[Event "TCh-FRA Top 12 2018"]
[Site "Brest FRA"]
[Date "2018.06.01"]
[Round "7.1"]
[Board "3"]
[White "Demuth, Adrien"]
[Black "Miton, Kamil"]
[Result "1/2-1/2"]
[WhiteTitle "GM"]
[BlackTitle "GM"]
[WhiteElo "2542"]
[BlackElo "2604"]
[WhiteTeam "NICE Alekhine"]
[BlackTeam "C.E. de BOIS COLOMBES"]
[WhiteFideId "642274"]
[BlackFideId "1111914"]
[EventDate "2018.05.26"]

1. Nf3 d5 2. d4 Nf6 3. c4 e6 4. e3 dxc4 5. Bxc4 c5 6. O-O a6 7. dxc5 Bxc5 8.
Qxd8+ Kxd8 9. Ne5 Ke7 10. Be2 Nbd7 11. Nc4 b6 12. Nbd2 a5 13. Nb3 Ba6 14. Nxc5
bxc5 15. f3 Rhb8 16. Rf2 a4 17. Bf1 Bxc4 18. Bxc4 Ne5 19. Bf1 Nd5 20. e4 1/2-1/2

[Event "TCh-FRA Top 12 2018"]
[Site "Brest FRA"]
[Date "2018.06.01"]
[Round "7.1"]
[Board "4"]
[White "Cornette, Matthieu"]
[Black "Gharamian, Tigran"]
[Result "1/2-1/2"]
[WhiteTitle "GM"]
[BlackTitle "GM"]
[WhiteElo "2600"]
[BlackElo "2614"]
[WhiteTeam "C.E. de BOIS COLOMBES"]
[BlackTeam "NICE Alekhine"]
[WhiteFideId "620084"]
[BlackFideId "13301527"]
[EventDate "2018.05.26"]

1. e4 c6 2. d4 d5 3. exd5 cxd5 4. Bd3 Nc6 5. c3 Nf6 6. Bf4 g6 7. Nf3 Bf5 8. Bxf5
gxf5 9. Ne5 e6 10. Nd2 Nd7 11. Nd3 Ne7 12. O-O Ng6 13. Re1 Bg7 14. Bd6 Bf8 15.
Bf4 Bg7 1/2-1/2

[Event "TCh-FRA Top 12 2018"]
[Site "Brest FRA"]
[Date "2018.06.01"]
[Round "7.1"]
[Board "5"]
[White "Wagner, Dennis"]
[Black "Vernay, Clovis"]
[Result "1-0"]
[WhiteTitle "GM"]
[BlackTitle "IM"]
[WhiteElo "2567"]
[BlackElo "2513"]
[WhiteTeam "NICE Alekhine"]
[BlackTeam "C.E. de BOIS COLOMBES"]
[WhiteFideId "24650684"]
[BlackFideId "633046"]
[EventDate "2018.05.26"]

1. e4 e6 2. d4 d5 3. Nc3 Nf6 4. e5 Nfd7 5. f4 c5 6. Nf3 Nc6 7. Be3 Be7 8. Qd2
O-O 9. dxc5 Nxc5 10. O-O-O a6 11. Kb1 Qc7 12. Bxc5 Bxc5 13. h4 Rd8 14. Ng5 h6
15. Qd3 hxg5 16. hxg5 g6 17. Qh3 Kf8 18. Na4 Qa5 19. Qh8+ Ke7 20. Qf6+ Ke8 21.
Nxc5 Qxc5 22. Rh8+ Kd7 23. Qxf7+ Qe7 24. Rxd8+ Kxd8 25. Qxg6 Kc7 26. Bd3 Bd7 27.
Rh1 Rf8 28. g3 Be8 29. Qh7 Rf7 30. g6 Rg7 31. Qh8 Kb6 32. Rh7 Qc5 33. a3 Bxg6
34. Qxg7 Bxh7 35. Bxh7 Ka7 36. Qg4 Qg1+ 37. Ka2 Qd4 38. Qe2 Qg1 39. Qg4 Qh2 40.
Bd3 1-0

[Event "TCh-FRA Top 12 2018"]
[Site "Brest FRA"]
[Date "2018.06.01"]
[Round "7.1"]
[Board "6"]
[White "Shoker, Samy"]
[Black "Flear, Glenn C"]
[Result "1-0"]
[WhiteTitle "GM"]
[BlackTitle "GM"]
[WhiteElo "2475"]
[BlackElo "2444"]
[WhiteTeam "C.E. de BOIS COLOMBES"]
[BlackTeam "NICE Alekhine"]
[WhiteFideId "627143"]
[BlackFideId "400165"]
[EventDate "2018.05.26"]

1. g3 d5 2. Bg2 e5 3. c4 dxc4 4. Qa4+ c6 5. Qxc4 Nf6 6. Nf3 Bd6 7. O-O O-O 8. d3
h6 9. Qc2 Nbd7 10. Nbd2 Re8 11. b3 Nb6 12. Bb2 Bg4 13. h3 Bd7 14. e4 c5 15. a4
a5 16. Bc3 Nh7 17. Rad1 Ra6 18. Qb2 f6 19. Nh4 Qc8 20. Nf5 Bxf5 21. exf5 Qxf5
22. Bxb7 Ra7 23. Bg2 Ng5 24. Ne4 Bf8 25. Nxg5 hxg5 26. Qd2 Qe6 27. Bxa5 Nd5 28.
Qe1 Rb8 29. d4 Rxb3 30. dxe5 Ne7 31. Bd8 Ra3 32. exf6 Qxe1 33. Rfxe1 gxf6 34.
Bb6 R3xa4 35. Bxa7 Rxa7 36. Ra1 Rc7 37. Reb1 Kf7 38. Rb7 Rxb7 39. Bxb7 Ke6 40.
Rd1 Ng6 41. Bd5+ Ke7 42. Kf1 Ne5 43. Ke2 Bg7 44. Ke3 f5 45. Ke2 Ng6 46. Rb1 Bd4
47. Rb7+ Kf6 48. Rf7+ Ke5 49. Bc4 Nh8 50. Re7+ Kf6 51. Re6+ Kf7 52. Rc6+ Kg7 53.
Rc7+ Kf6 54. f4 gxf4 55. gxf4 Kg6 56. Kf3 Kf6 57. Bb3 Kg6 58. Bc2 1-0

[Event "TCh-FRA Top 12 2018"]
[Site "Brest FRA"]
[Date "2018.06.01"]
[Round "7.1"]
[Board "7"]
[White "Barseghyan, Harutyun"]
[Black "Travadon, Loic"]
[Result "1/2-1/2"]
[WhiteTitle "IM"]
[BlackTitle "FM"]
[WhiteElo "2471"]
[BlackElo "2377"]
[WhiteTeam "NICE Alekhine"]
[BlackTeam "C.E. de BOIS COLOMBES"]
[WhiteFideId "13304585"]
[BlackFideId "26092131"]
[EventDate "2018.05.26"]

1. d4 Nf6 2. Nf3 e6 3. Bf4 d5 4. e3 Bd6 5. Bg3 c5 6. c3 O-O 7. Nbd2 Qc7 8. Ne5
Nbd7 9. f4 Ne8 10. Bd3 f5 11. Bh4 Nef6 12. Bxf6 Nxf6 13. O-O Bd7 14. Ndf3 c4 15.
Bc2 b5 16. a3 a5 17. g4 Bxe5 18. Nxe5 Nxg4 19. Nxg4 fxg4 20. Qxg4 Rf6 21. Qh5
Rh6 22. Qe5 Qxe5 23. dxe5 Kf7 24. Rf3 Ke7 25. Rg3 Rg8 26. Rb1 a4 27. Rf1 Be8 28.
Rf2 Bg6 29. Rfg2 Bxc2 30. Rxc2 Rh5 31. Rcg2 g6 32. Rg4 Rf8 33. h4 Kd7 34. Kh2
Ke7 35. Kg3 Rhf5 36. Rg5 R8f7 37. Kh3 Rf8 38. R2g3 R8f7 39. Rg2 Rf8 40. Rg1 R8f7
41. h5 Rxg5 42. Rxg5 Rf5 43. Kh4 Rxg5 44. fxg5 Kd7 1/2-1/2

[Event "TCh-FRA Top 12 2018"]
[Site "Brest FRA"]
[Date "2018.06.01"]
[Round "7.1"]
[Board "8"]
[White "Leconte, Maria"]
[Black "Bollengier, Andreea"]
[Result "1-0"]
[WhiteTitle "WGM"]
[BlackTitle "WIM"]
[WhiteElo "2208"]
[BlackElo "2260"]
[WhiteTeam "C.E. de BOIS COLOMBES"]
[BlackTeam "NICE Alekhine"]
[WhiteFideId "618446"]
[BlackFideId "1203347"]
[EventDate "2018.05.26"]

1. e4 c6 2. d4 d5 3. e5 Bf5 4. g4 Bg6 5. h4 h5 6. e6 fxe6 7. g5 c5 8. Nf3 Nc6 9.
Ne5 Bf5 10. Nc3 cxd4 11. Nxc6 bxc6 12. Qxd4 e5 13. Qxe5 e6 14. Bd3 Qd6 15. Qxd6
Bxd6 16. Bxf5 exf5 17. Ne2 Rb8 18. Bf4 Bxf4 19. Nxf4 Ne7 20. O-O-O Rb4 21. Nd3
Ra4 22. Rde1 Rxa2 23. Kb1 Ra4 24. f3 Ra5 25. Re6 Kd7 26. Rhe1 Nc8 27. Rg6 Kc7
28. Ree6 Rg8 29. Rxc6+ Kb8 30. Rce6 Rb5 31. Nf4 Rb4 32. Nxh5 Rxh4 33. Nf6 Rd8
34. Rxg7 Rh1+ 35. Ka2 Rf1 36. Nd7+ Ka8 37. Ne5 Rf2 38. Nc6 Rh8 39. Ree7 1-0